De agri cultura.
Gorde:
| Egile nagusia: | |
|---|---|
| Beste egile batzuk: | |
| Formatua: | Liburua |
| Hizkuntza: | gaztelania |
| Argitaratua: |
Madrid, España:
Tecnos,
2009.
|
| Saila: | Colección Clásicos del Pensamiento. Tercer Milenio, 82.
|
| Gaiak: | |
| Etiketak: |
Etiketa erantsi
Etiketarik gabe, Izan zaitez lehena erregistro honi etiketa jartzen!
|
MARC
| LEADER | 00000nam a2200000 a 4500 | ||
|---|---|---|---|
| 001 | UCG4895 | ||
| 003 | CL-VaPUC | ||
| 005 | 20220822114401.0 | ||
| 008 | 101216e20090000SP |||||||||||||||||spa|d | ||
| 999 | |c 343495 |d 343493 | ||
| 020 | |a 978-84-309-4901-4 | ||
| 040 | |c Pontificia Universidad Católica de Valparaíso | ||
| 082 | 0 | 4 | |a 875 CAT 2009 |2 21 |
| 100 | 0 | |a Catón, Marco Porcio |e autor |9 554386 | |
| 245 | 1 | 0 | |a De agri cultura. |
| 260 | |a Madrid, España: |b Tecnos, |c 2009. | ||
| 300 | |a 197 páginas. | ||
| 490 | 0 | |a Colección Clásicos del Pensamiento. Tercer Milenio, 82. | |
| 500 | |a c.2 Donación Familia Prof. Alejandro Guzmán Brito. | ||
| 583 | |a last modification |c 20101216 00:00:00 |k Rodrigo Vera | ||
| 650 | 0 | |a Oratoria latina |9 266621 | |
| 650 | 0 | |a Literatura latina |9 258055 | |
| 650 | 0 | |a Agricultura |9 255598 | |
| 700 | |a Castresana Herrero, Amelia |9 865953 |e estudio preliminar |e traducción |e notas | ||
| 942 | |c BK |2 ddc |n 0 | ||
| 945 | |d 20101216 00:00:00 |a cmena | ||
| 952 | |0 0 |1 0 |4 0 |6 875_000000000000000_CAT_2009 |7 0 |8 A |9 440829 |a BIBHIS |b BIBHIS |d 2019-11-22 |i 4742354 |o 875 CAT 2009 |p 4742354 |r 2025-01-20 |w 2019-11-22 |y BK |k HIS | ||
| 952 | |0 0 |1 0 |2 ddc |4 0 |6 875_000000000000000_CAT_2009 |7 1 |8 C_AGB |9 581258 |a BIBDER |b BIBDER |d 2022-02-09 |e Donación |i 5646049 |o 875 CAT 2009 |p 5646049 |r 2023-01-25 |t 2 |w 2022-02-09 |y BK_US |k AGB | ||